000 00455nam a2200181Ia 4500
001 11289
005 20260306162817.0
008 260306t2014||||xx |||||||||||||| ||spa||
041 _aESP
082 _a985.02092
_bM26
100 _aMartín Rubio, María del Carmen
_eAUT
245 0 _aFrancisco pizarro:
_bel hombre desconocido
260 _c2014
300 _a413 páginas :
_c22 cm.
650 _aGEN
654 _aCHU
942 _cLIB
_dJUS
_fJUS
_2ddc
_n
999 _c11289
_d11289